Score 0/16 Timer 05:00
2 Plays Today
Hint Answer % Correct
Which city in northeast Italy is sited on over 100 islands separated by canals and linked by bridges?Venice
94%
Which sovereign city-state consists of a walled enclave within the city of Rome, Italy?Vatican City
93.7%
St. Stephen's Cathedral, Belvedere Palace, and the Spanish Riding School can all be found in which Austrian city? Vienna
92%
In which palace near Paris can be found the 'Hall of Mirrors'?Versailles
86.2%
Which volcano in Italy is infamous for its destruction of Pompeii in 79 AD?Vesuvius
85.7%
Which city is the third largest city in Spain after Madrid and Barcelona?Valencia
81.3%
Which city in northeast Italy did Shakespeare's 'Two Gentlemen' come from?Verona
81.1%
Which river flows through central Russia and is the longest river in Europe?Volga
78.8%
Hint Answer % Correct
Which city is the capital city of Lithuania?Vilnius
77%
Which city is the capital city of Liechtenstein?Vaduz
71.4%
Which city is the capital of Malta?Valletta
71.3%
Which museum in Amsterdam is dedicated to the Dutch Post-Impressionist painter who committed suicide at 37?Van Gogh Museum
70.5%
Which city was the de facto capital of France during the World War II Nazi occupation?Vichy
55.8%
Which city in Russia was known as Stalingrad from 1925-61?Volgograd
50.6%
Which city in Lorraine north-east France was the scene of a major WWI battle in 1916?Verdun
44.2%
Which city in the autonomous community of Galicia, Spain sits close to the Portuguese border?Vigo
23.2%
Remove Ads.
Support Sporcle.
Get the best of Sporcle when you Go Orange. This ad-free experience offers more features, more stats, and more fun while also helping to support Sporcle. Thank you for becoming a member.

You're not logged in!

Compare scores with friends on all Sporcle quizzes.
OR
Log In

Show Comments

Extras

Top Quizzes Today


Score Distribution

Your Account Isn't Verified!

In order to create a playlist on Sporcle, you need to verify the email address you used during registration. Go to your Sporcle Settings to finish the process.

Report this User

Report this user for behavior that violates our Community Guidelines.

Details: